00361nam a22001337a 4500022001800000082001500018100004200033245005200075250000900127260004800136300000800184490001300192650002200205 a9789559244387 a547.35 SOT aSotheeswaran,SaGunatilaka,A.A.Leslie aFunctional Group analysis in organic Chemistry aCCS  aColombobCollege of chemical sciencesc2009 a64p aCCS No:1 aorganic chemistry